000 00357pab a2200121 454500
008 180718b xxu||||| |||| 00| 0 eng d
100 _aHanumantha Rao, C.H.
245 _aSukhamoy Chakravarty on development strategy
650 _a Economic Development
650 _aChakravarty, Sukhamoy - Criticism And Interpretation
773 _aMainstream
909 _a24275
999 _c24275
_d24275